| 000 | 00818pam a2200265 4500 | ||
|---|---|---|---|
| 001 | 2186482 | ||
| 003 | ARRUPE | ||
| 005 | 20150310111841.0 | ||
| 008 | 720526t19721971nyu b 000 0 eng | ||
| 010 | _a 72000691 | ||
| 022 | _a0140216960 | ||
| 040 |
_aDLC _cDLC _dDLC |
||
| 050 | 1 | 0 |
_aRM171 _b.T57 1973 |
| 082 | 0 | 0 | _a362.1 |
| 100 | 1 |
_aTitmuss, Richard Morris, _d1907-1973. _916066 |
|
| 245 | 1 | 4 |
_aThe gift relationship; _bfrom human blood to social policy _c[by] Richard M. Titmuss. |
| 260 |
_aMiddlesex, _bPenguin Books _c1973, |
||
| 300 |
_a365p.; _c19 cm. |
||
| 350 | _a$2.45 | ||
| 504 | _aIncludes bibliographical references. | ||
| 650 | 0 |
_aBlood _xTransfusion _xSocial aspects. _916067 |
|
| 650 | 0 |
_aBlood donors. _916068 |
|
| 906 |
_a7 _bcbc _corignew _d1 _eocip _f19 _gy-gencatlg |
||
| 942 |
_2lcc _cMONOGRAPH |
||
| 999 |
_c122361 _d122361 |
||